"Ich blute, also bin ich": Selbstverletzung der Haut von Mädchen und jungen Frauen
| 1. VerfasserIn: | |
|---|---|
| Medienart: | Druck Buch |
| Sprache: | Deutsch |
| Veröffentlicht: |
Pfaffenweiler
Centaurus-Verl.-Ges.
1998
|
| In: |
Münchner Studien zur Kultur- und Sozialpsychologie (10)
Jahr: 1998 |
| Online-Zugang: |
Inhaltsverzeichnis Inhaltsverzeichnis |
| Verfügbarkeit prüfen: | HBZ Gateway |
| Subito Bestelldienst: | Jetzt bestellen. |
| Schlagwörter: |
MARC
| LEADER | 00000cam a2200000 c 4500 | ||
|---|---|---|---|
| 001 | 242304680 | ||
| 003 | DE-627 | ||
| 005 | 20260206202639.0 | ||
| 007 | tu | ||
| 008 | 980403s1998 gw ||||| m 00| ||ger c | ||
| 015 | |a 98,N16,0056 |2 dnb | ||
| 015 | |a 98,A49,0219 |2 dnb | ||
| 016 | 7 | |a 952565811 |2 DE-101 | |
| 020 | |a 382550090X |c : DM 39.80, S 291.00, sfr 37.00 (kart.) |9 3-8255-0090-X | ||
| 035 | |a (DE-627)242304680 | ||
| 035 | |a (DE-603)056662742 | ||
| 035 | |a (DE-576)06537598X | ||
| 035 | |a (DE-599)GBV242304680 | ||
| 035 | |a (OCoLC)75840314 | ||
| 035 | |a (OCoLC)75840314 | ||
| 040 | |a DE-627 |b ger |c DE-627 |e rakwb | ||
| 041 | |a ger | ||
| 044 | |c XA-DE | ||
| 084 | |a 11 |a 33 |a 14 |2 sdnb | ||
| 084 | |a 77.60 |2 bkl | ||
| 100 | 1 | |a Teuber, Kristin |d 1963- |0 (DE-588)120546493 |0 (DE-627)080740065 |0 (DE-576)292271956 |4 aut | |
| 109 | |a Teuber, Kristin 1963- | ||
| 245 | 1 | 0 | |a "Ich blute, also bin ich" |b Selbstverletzung der Haut von Mädchen und jungen Frauen |c Kristin Teuber |
| 264 | 1 | |a Pfaffenweiler |b Centaurus-Verl.-Ges. |c 1998 | |
| 300 | |a 125 S |c 21 cm | ||
| 336 | |a Text |b txt |2 rdacontent | ||
| 337 | |a ohne Hilfsmittel zu benutzen |b n |2 rdamedia | ||
| 338 | |a Band |b nc |2 rdacarrier | ||
| 490 | 1 | |a Münchner Studien zur Kultur- und Sozialpsychologie |v 10 | |
| 502 | |a Zugl.: München, Univ., Diplomarbeit, 1994 | ||
| 583 | 1 | |a Archivierung/Langzeitarchivierung gewährleistet |f PEBW |x XA-DE-BW |2 pdager |5 DE-31 | |
| 655 | 7 | |a Hochschulschrift |0 (DE-588)4113937-9 |0 (DE-627)105825778 |0 (DE-576)209480580 |2 gnd-content | |
| 689 | 0 | 0 | |d s |0 (DE-588)4036871-3 |0 (DE-627)104253827 |0 (DE-576)209020989 |a Mädchen |2 gnd |
| 689 | 0 | 1 | |d s |0 (DE-588)4023838-6 |0 (DE-627)106301594 |0 (DE-576)208951628 |a Haut |2 gnd |
| 689 | 0 | 2 | |d s |0 (DE-588)4199420-6 |0 (DE-627)104375884 |0 (DE-576)210128615 |a Selbstbeschädigung |2 gnd |
| 689 | 0 | |5 DE-101 | |
| 689 | 1 | 0 | |d s |0 (DE-588)4162897-4 |0 (DE-627)105458791 |0 (DE-576)209877022 |a Junge Frau |2 gnd |
| 689 | 1 | 1 | |d s |0 (DE-588)4023838-6 |0 (DE-627)106301594 |0 (DE-576)208951628 |a Haut |2 gnd |
| 689 | 1 | 2 | |d s |0 (DE-588)4199420-6 |0 (DE-627)104375884 |0 (DE-576)210128615 |a Selbstbeschädigung |2 gnd |
| 689 | 1 | |5 DE-101 | |
| 751 | |a München |0 (DE-588)4127793-4 |0 (DE-627)105722073 |0 (DE-576)209596570 |4 uvp | ||
| 830 | 0 | |a Münchner Studien zur Kultur- und Sozialpsychologie |v 10 |9 10 |w (DE-627)528240358 |w (DE-576)03230191X |w (DE-600)2291653-2 |x 0942-9549 |7 am | |
| 856 | 4 | 2 | |u http://www.gbv.de/dms/hbz/toc/ht009050449.pdf |m V:DE-605 |q pdf/application |v 2008-11-15 |x Verlag |y Inhaltsverzeichnis |3 Inhaltsverzeichnis |7 1 |
| 856 | 4 | 2 | |u http://scans.hebis.de/HEBCGI/show.pl?05666274_toc.pdf |m V:DE-605 |q application/pdf |3 Inhaltsverzeichnis |7 1 |
| 935 | |i Blocktest | ||
| 935 | |h HEB |i 0501 | ||
| 935 | |h HEB |i 0503 | ||
| 936 | b | k | |a 77.60 |j Sozialpsychologie: Allgemeines |0 (DE-627)106413074 |
| 936 | s | n | |a c200 |2 mzub |
| 936 | s | n | |a w200 |2 mzub |
| 936 | s | n | |a m200 |2 mzub |
| 951 | |a BO | ||
| ELC | |b 1 | ||
| LOK | |0 000 xxxxxcx a22 zn 4500 | ||
| LOK | |0 001 3243287618 | ||
| LOK | |0 003 DE-627 | ||
| LOK | |0 004 242304680 | ||
| LOK | |0 005 20151116135711 | ||
| LOK | |0 008 150728||||||||||||||||ger||||||| | ||
| LOK | |0 035 |a (DE-21-110)kd61612 | ||
| LOK | |0 040 |a DE-21-110 |c DE-627 |d DE-21-110 | ||
| LOK | |0 689 |a s |a Mädchen | ||
| LOK | |0 689 |a s |a Selbstschädigung | ||
| LOK | |0 852 |z Kein Bestand am IfK; Nachweis für KrimDok | ||
| LOK | |0 852 |a DE-21-110 | ||
| LOK | |0 852 1 |9 00 | ||
| LOK | |0 935 |a k110 | ||
| LOK | |0 939 |a 28-07-15 |b l01 | ||
| ORI | |a SA-MARC-krimdoka001.raw | ||
